<?xml version="1.0" encoding="UTF-8"?>
<collection xmlns="http://www.loc.gov/MARC21/slim">
  <record>
    <leader>00000nam  2200000   4500</leader>
    <controlfield tag="001">INLIS000000000015764</controlfield>
    <controlfield tag="005">20230905024350</controlfield>
    <datafield tag="035" ind1="#" ind2="#">
      <subfield code="a">0010-0923000005</subfield>
    </datafield>
    <controlfield tag="007">ta</controlfield>
    <controlfield tag="008">230905################|##########|#|##</controlfield>
    <datafield tag="084" ind1="#" ind2="#">
      <subfield code="a">R 061 PIM II 2022</subfield>
    </datafield>
    <datafield tag="100" ind1=" " ind2="#">
      <subfield code="a">Yudho Baskoro</subfield>
    </datafield>
    <datafield tag="245" ind1="1" ind2="#">
      <subfield code="a">Model Tata Kelola Agile Management dalam Transformasi BRIN Untuk Penguatan Kebijakan Riset dan Inovasi /</subfield>
      <subfield code="c">Yudho Baskoro</subfield>
    </datafield>
    <datafield tag="250" ind1="#" ind2="#">
      <subfield code="a">1</subfield>
    </datafield>
    <datafield tag="260" ind1="#" ind2="#">
      <subfield code="a">Jakarta :</subfield>
      <subfield code="b">Pusbangkom Pimnas dan Manajerial ASN,</subfield>
      <subfield code="c">2022</subfield>
    </datafield>
    <datafield tag="300" ind1="#" ind2="#">
      <subfield code="a">32 halaman :</subfield>
      <subfield code="b">Ilus ;</subfield>
      <subfield code="c">30 cm</subfield>
    </datafield>
    <datafield tag="650" ind1="#" ind2="4">
      <subfield code="a">Kebijakan Pemerintah</subfield>
    </datafield>
    <datafield tag="650" ind1="#" ind2="4">
      <subfield code="a">Pemerintahan yang Dinamis</subfield>
    </datafield>
    <datafield tag="520" ind1="#" ind2="#">
      <subfield code="a">Proyek perubahan yang mengambil topik Model Tata Kelola Agile Management dalam Transformasi BRIN untuk Penguatan Kebijakan Riset dan Inovasi ini mengambil lingkup perubahan pada aspek pengembangan tata kelola agile management BRIN dengan fokus implementasi evidence based policy, termasuk instrumen, regulasi dan langkah sosialisasi serta peningkatan kapasitas pelaksana fungsi.</subfield>
    </datafield>
    <datafield tag="990" ind1="#" ind2="#">
      <subfield code="a">061</subfield>
    </datafield>
  </record>
</collection>
